| 000 | 00559nam a22001817a 4500 | ||
|---|---|---|---|
| 999 |
_c191151 _d191151 |
||
| 005 | 20220822113754.0 | ||
| 010 | _aENG-134521 | ||
| 020 |
_a9789383546114 _c500.00 |
||
| 035 | _aEN-118053 | ||
| 037 | _bDBAD/PUB | ||
| 082 | _a500.001 | ||
| 100 | _aSuryavanshi, Yogesh | ||
| 245 |
_aMan Environment & WildLife/ _cYogesh Suryavanshi |
||
| 260 |
_aGuwahati _bMatri Publisher & Distributor _c2015 |
||
| 270 |
_aOpp. Brahmaputra Jute Mill A.K. Azad Road _bGuwahati |
||
| 300 |
_avii, 248p. _bIndex _c23cm(hb) |
||
| 942 |
_2ddc _cEN _h500.001 _mSUR |
||